| 000 | 02475cam a2200541 i 4500 | ||
|---|---|---|---|
| 001 | 200468137 | ||
| 003 | TR-AnTOB | ||
| 005 | 20260416103448.0 | ||
| 007 | ta | ||
| 008 | 260416t19851985nyua 001 0 eng | ||
| 010 | _a 85017304 | ||
| 020 | _a0870445839 | ||
| 020 | _a9780870445835 | ||
| 020 |
_a0870445847 _q(deluxe) |
||
| 020 |
_a9780870445842 _q(deluxe) |
||
| 020 |
_a0870446223 _q(lib. bdg.) |
||
| 020 |
_a9780870446221 _q(lib. bdg.) |
||
| 020 |
_a0870446231 _q(ltd. collector's) |
||
| 020 |
_a9780870446238 _q(ltd. collector's) |
||
| 020 |
_a0671611739 _q(hardback) |
||
| 020 | _a9780671611736 | ||
| 035 | _a(CU-S)b19443420-01ucs_sdi | ||
| 035 |
_a(OCoLC)12420750 _z(OCoLC)234291367 _z(OCoLC)992634556 _z(OCoLC)1010310475 _z(OCoLC)1037725242 _z(OCoLC)1089350465 _z(OCoLC)1325222912 |
||
| 035 | _a(OCoLC)ocm12420750 | ||
| 035 | _a(EXLNZ-01UCS_NETWORK)9912510018306531 | ||
| 035 | _a(TR-AnTOB)200468137 | ||
| 040 |
_aDLC _beng _erda _cDLC _dNLGGC _dBTCTA _dOCLCG _dYDXCP _dAZH _dOCLCQ _dTXBXL _dGBVCP _dTAMCT _dOCLCF _dOCLCQ _dFHL _dOCLCO _dOCLCQ _dOCLCO _dOCLCQ _dCSJ _dVBO _dOCLCQ _dXFF _dOCLCQ _dBGU _dW8A _dDU3 _dOCLCO _dJ9U _dOCLCO _dOCLCL _dIG# _dOCLCL _dOCLCQ _dOCLCO _dTWJ _dTR-AnTOB |
||
| 041 | 0 | _aeng | |
| 043 |
_an-us--- _an-us-ny |
||
| 050 | 0 | 4 |
_aJV6450 _b.A4546 1985 |
| 090 |
_aJV6450 _b.A4546 1985 |
||
| 100 | 1 |
_aAllen, Leslie _q(Leslie Beth) _eauthor _4aut _0http://id.loc.gov/authorities/names/n85068341 _9153704 |
|
| 245 | 1 | 0 |
_aLiberty : _bthe statue and the American dream / _cby Leslie Allen. |
| 264 | 1 |
_a[New York, N.Y.] : _bStatue of Liberty-Ellis Island Foundation with the cooperation of the National Geographic Society, _c[1985] |
|
| 264 | 4 | _c©1985 | |
| 300 |
_a304 pages : _billustrations (some color) ; _c27 cm |
||
| 336 |
_atext _btxt _2rdacontent |
||
| 337 |
_aunmediated _bn _2rdamedia |
||
| 338 |
_avolume _bnc _2rdacarrier |
||
| 500 | _aIncludes index. | ||
| 505 | 0 | _aLiberty: The story of the statue -- Old lands, new nation -- The perils of the journey -- Promise of a young land -- Iron rails, golden mountain -- Through Ellis Island -- The shock of the great city -- Years of hope and struggle -- The enduring dream. | |
| 520 | _aThe story of the Statue, Ellis Island, Old and New Nations and American Life and Liberty. | ||
| 650 | 0 |
_aStatue of Liberty (New York, N.Y.) _xHistory _9153705 |
|
| 651 | 0 |
_aUnited States _xEmigration and immigration _xHistory _9153606 |
|
| 942 |
_2lcc _cBK |
||
| 999 |
_c200468137 _d86349 |
||